[Event "FRA-chT3"]
[Site "France"]
[Date "2012.02.05"]
[Round "5"]
[White "Roussel, Jean Marc"]
[Black "Gaubert, Virginie"]
[Result "0-1"]
[WhiteElo "1612"]
[BlackElo "1714"]
[PlyCount "60"]
[EventDate "2012.01.20"]
[EventType "team-match"]
[EventRounds "9"]
[EventCountry "FRA"]
[SourceTitle "EXT 2014"]
[Source "ChessBase"]
[SourceDate "2013.11.20"]
[SourceVersion "1"]
[SourceVersionDate "2013.11.20"]
[SourceQuality "1"]

1. d4 Nf6 2. c4 c5 3. Nf3 e6 4. Nc3 Be7 5. g3 0-0 6. Bg2 Nc6 7. 0-0 d5 8. cxd5 exd5 9. dxc5 Bxc5 10. Bg5 Be6 11. a3 Rc8 12. Rc1 Be7 13. Nd4 Qb6 14. Nxe6 fxe6 15. Qd2 Ng4 16. Na4 Bxg5 17. Nxb6 Bxd2 18. Nxc8 Bxc1 19. Rxc1 Rxc8 20. h3 Nge5 21. e4 d4 22. f4 Nd7 23. e5 g6 24. b4 Nb6 25. Rd1 Rd8 26. Rd3 Na4 27. b5 Na5 28. Kf1 Nb2 29. Rd2 Nac4 30. Rc2 Ne3+ 0-1

[Event "FRA-chT3"]
[Site "France"]
[Date "2011.11.13"]
[Round "2"]
[White "Barnier, Christophe"]
[Black "Roussel, Jean Marc"]
[Result "1-0"]
[WhiteElo "1857"]
[BlackElo "1634"]
[PlyCount "91"]
[EventDate "2012.01.20"]
[EventType "team-match"]
[EventRounds "9"]
[EventCountry "FRA"]
[SourceTitle "EXT 2014"]
[Source "ChessBase"]
[SourceDate "2013.11.20"]
[SourceVersion "1"]
[SourceVersionDate "2013.11.20"]
[SourceQuality "1"]

1. d4 d5 2. Nf3 Nf6 3. Bf4 c6 4. e3 e6 5. Nbd2 Nbd7 6. h3 Be7 7. Bd3 a6 8. 0-0 0-0 9. c3 c5 10. Re1 b5 11. Ne5 Nxe5 12. Bxe5 Nd7 13. Bh2 Bf6 14. f4 g6 15. Nf3 Bg7 16. a4 bxa4 17. Rxa4 f5 18. Qa1 c4 19. Bc2 h6 20. b3 cxb3 21. Bxb3 Rb8 22. Rb1 Qc7 23. Nd2 Rd8 24. Ra5 Bf8 25. Ra2 Bb7 26. Rc2 Qd6 27. c4 Nf6 28. c5 Qe7 29. Ba4 Ba8 30. Rcb2 Rxb2 31. Qxb2 Qc7 32. Qb6 Qxb6 33. Rxb6 Kf7 34. Rxa6 Ne8 35. Rb6 Nf6 36. Nf3 Ne4 37. Ne5+ Kf6 38. Bd7 Bxc5 39. Rxe6+ Kg7 40. dxc5 Nxc5 41. Rxg6+ Kf8 42. Bxf5 h5 43. Rf6+ Kg7 44. Rf7+ Kg8 45. Bh7+ Kh8 46. Ng6# 1-0

[Event "FRA-chT3"]
[Site "France"]
[Date "2011.10.16"]
[Round "1"]
[White "Roussel, Jean Marc"]
[Black "Louot, Catherine"]
[Result "0-1"]
[WhiteElo "1652"]
[BlackElo "1565"]
[PlyCount "110"]
[EventDate "2012.01.20"]
[EventType "team-match"]
[EventRounds "9"]
[EventCountry "FRA"]
[SourceTitle "EXT 2014"]
[Source "ChessBase"]
[SourceDate "2013.11.20"]
[SourceVersion "1"]
[SourceVersionDate "2013.11.20"]
[SourceQuality "1"]

1. d4 Nf6 2. c4 d6 3. Nf3 Bf5 4. Nc3 g6 5. g3 Bg7 6. Bg2 0-0 7. 0-0 Nbd7 8. Nh4 Be6 9. d5 Bf5 10. h3 Nb6 11. Nxf5 gxf5 12. Qd3 Qd7 13. Re1 c6 14. dxc6 bxc6 15. e4 fxe4 16. Nxe4 Nxe4 17. Qxe4 e5 18. Qxc6 Qxc6 19. Bxc6 Rac8 20. Bd5 Nxc4 21. b3 Nb6 22. Bg2 e4 23. Rb1 d5 24. Bb2 Bxb2 25. Rxb2 f5 26. Rd1 Rfd8 27. Rbd2 Rc7 28. Kf1 Rcd7 29. Ke2 d4 30. g4 d3+ 31. Kf1 fxg4 32. hxg4 Re8 33. Re1 Rde7 34. Kg1 Nd5 35. f3 exf3 36. Rxe7 Rxe7 37. Bxf3 Nf4 38. Kf2 Kf7 39. Kg3 Ne2+ 40. Kh4 Re3 41. Bd5+ Kf6 42. Bc4 Nf4 43. Rh2 d2 44. g5+ Kf5 45. Be6+ Nxe6 46. Rxd2 Re4+ 47. Kh5 Ng7+ 48. Kh6 Ne6 49. Kxh7 Nxg5+ 50. Kg7 Re7+ 51. Kf8 Rf7+ 52. Kg8 Rc7 53. Kf8 Ne6+ 54. Ke8 Rc8+ 55. Kd7 Rd8+ 0-1